La inclusión escolar y social de alumnado con enfermedades minoritarias : (Record no. 181216)

MARC details
000 -CABECERA
campo de control de longitud fija 01500cab a2200265 ab4500
005 - FECHA Y HORA DE LA ÚLTIMA TRANSACCIÓN
campo de control 20240517111642.0
008 - ELEMENTOS DE LONGITUD FIJA--INFORMACIÓN GENERAL
campo de control de longitud fija 991125c2014 sp fr p o 000 0 spa d
035 ## - NÚMERO DE CONTROL DEL SISTEMA
Número de control de sistema UPN01000209115
040 ## - FUENTE DE LA CATALOGACIÓN
Centro catalogador/agencia de origen MX-MxUPN
Lengua de catalogación spa
Centro/agencia transcriptor MX-MxUPN
Normas de descripción aacr2
049 ## - COLECCIÓN
Colección ART-E
100 1# - ASIENTO PRINCIPAL--NOMBRE PERSONAL
Nombre de persona Monzón González, Javier
100 1# - ASIENTO PRINCIPAL--NOMBRE PERSONAL
Nombre de persona Gaintza Jauregi, Zuriñe
245 13 - MENCIÓN DE TÍTULO
Título La inclusión escolar y social de alumnado con enfermedades minoritarias :
Resto del título una oportunidad de innovación y un beneficio para toda la comunidad
Medio [recurso electrónico en línea]
506 0# - NOTA DE RESTRICCIONES AL ACCESO
Limitaciones de acceso Acceso abierto
520 3# - NOTA DE RESUMEN, ETC.
Sumario, etc. En este trabajo se presenta una serie de artículos derivados de la investigación La innovación escolar desde la perspectiva de personas con enfermedades raras en el País Vasco en el que la voz y las historias de vida de un grupo jóvenes con enfermedades minoritarias y sus familias comparten sus experiencias de escolarización para avanzar en los procesos de innovación y mejora escolar. Se presenta, además, una opción por una escuela inclusiva como respuesta a los retos y necesidades de nuestra sociedad.
650 #4 - ASIENTO SECUNDARIO DE MATERIA - TERMINO TEMATICO
9 (RLIN) 7100
Término de materia o nombre geográfico como elemento de entrada Educación inclusiva
653 0# - TERMINO DE INDIZACION - NO CONTROLADO
Término no controlado Enfermedades minoritarias
653 0# - TERMINO DE INDIZACION - NO CONTROLADO
Término no controlado Enfermedades raras
653 0# - TERMINO DE INDIZACION - NO CONTROLADO
Término no controlado Historias de vida
773 ## - ENLACE AL DOCUMENTO FUENTE/ENTRADA DE REGISTRO ANFITRIÓN
Parte(s) relacionada(s) Vol. 7, no. 3 (2014), p. 1-13
Título Revista de educación inclusiva
Número Internacional Normalizado para Publicaciones Seriadas 1989-4643
856 4# - LOCALIZACIÓN Y ACCESO ELECTRÓNICOS
Identificador Uniforme del Recurso <a href="http://www.revistaeducacioninclusiva.es/index.php/REI/article/view/128/122">http://www.revistaeducacioninclusiva.es/index.php/REI/article/view/128/122</a>
902 ## - ELEMENTOS DE DATOS B LOCAL, LDB (RLIN)
Creó Leonor Sotres/080223
905 ## - TIPO DE MATERIAL
Tipo de material Articulo
942 ## - ELEMENTOS DE PUNTO DE ACCESO ADICIONAL (KOHA)
Tipo de ítem Koha Artículo Electrónico
Holdings
Estado de retiro Estado de pérdida Estado dañado No para préstamo Código de colección Localización permanente Ubicación/localización actual Ubicación en estantería Fecha de adquisición Total de préstamos Fecha visto por última vez Identificador Uniforme del Recurso Precio válido a partir de Tipo de ítem Koha
        Acceso abierto Bib. Gregorio Torres Quintero Bib. Gregorio Torres Quintero En línea 08/02/2023   08/02/2023 http://www.revistaeducacioninclusiva.es/index.php/REI/article/view/128/122 08/02/2023 Artículo Electrónico